| 000 | 00000nam##2200000za#4500 |
| 001 | 9.685384 |
| 003 | CaOODSP |
| 005 | 20210615134830 |
| 007 | ta |
| 008 | 150407|2012||||xxc||||| f|0| 0 iku|d |
| 020 | |a978-1-100-98250-2 |
| 040 | |aCaOODSP|bfre |
| 043 | |an-cn--- |
| 086 | 1 |aCW66-302/2012F |
| 110 | 2 |aService canadien de la faune. |
| 245 | 10|aZones aviaires importantes du Nunavut |
| 260 | |aOttawa - Ontario : |bEnvironnement Canada. |cc2012. |
| 300 | |a81p. : |bcartes, photographies ; |c22 cm. |
| 546 | |aTexte en français, inuktitut et inuinnaqtun. |
| 563 | |aReliure à spirale |
| 590 | |a12-12|b2012-03-23 |
| 691 | 07|aOiseau|2gcpds |
| 691 | 07|aNord canadien|2gcpds |
| 775 | 08|tImportant areas for birds in Nunavut |w(CaOODSP)9.652423 |
| 776 | 0#|tZones aviaires importantes du Nunavut |w(CaOODSP)9.639348 |